000
00251nam a22000857a 4500
999
_c
11804
_d
11804
008
200219b ||||| |||| 00| 0 eng d
100
_a
Sethia Chandra Abhi
_9
7485
245
_a
A Complete Guide to Spoken English
260
_a
New Delhi
_b
ASL Publications
_c
2015